000
00290nam a22001337a 4500
008
171011b xxu||||| |||| 00| 0 eng d
020
_a
9780130274137
041
_a
eng
080
_2
3 ED
_a
316
100
_a
50
101
_a
SOC
245
_a
SOCILOLGY
_c
MACIONIS.J.J
942
_2
udc
_c
BK
999
_c
33167
_d
33167